000
00229nam a22000857a 4500
008
160628b xxu||||| |||| 00| 0 eng d
100
_9
1290
_a
Pal, B
245
_a
Everest my Journey to the Top
260
_a
N.D
_b
National Book Trust
_c
1988
999
_c
1059
_d
1059